000 00752nam a22002297a 4500
005 20170124110132.0
010 _aB-166999
020 _c640.00
_a8178294214
035 _aB-166999
037 _bCen Lib/Ret
040 _aDPL
_bEN
082 _a954.6063
_bKOI
100 _aKoithara, Verghese
_932319
245 _aCrafting peace in Kashmir :
_cby Verghese Koithara
_bthrough a realist lens /
260 _aNew Delhi
_bSage Publications
_c2004
270 _aB-42, Panchsheel Enclave
_bNew Delhi
_e110017
300 _a314p.
_c21cm(Hb)
500 _aIncludes bibliographical references and index
650 _aIndia -- Foreign relations -- Pakistan
_98255
650 _aPeace-building
_932320
942 _2ddc
_cEN
_h954.6036
_mKOI
999 _c131630
_d131630